| 000 | 01199cam a22003255i 4500 | ||
|---|---|---|---|
| 999 |
_c25625 _d25597 |
||
| 003 | EG-ScBUE | ||
| 005 | 20200825102621.0 | ||
| 008 | 171120t20062006njua f b 001 0 eng d | ||
| 020 | _a9780471741091 | ||
| 020 | _a0471741094 | ||
| 040 |
_aEG-ScBUE _beng _erda _cEG-ScBUE _dEG-ScBUE |
||
| 082 | 0 | 4 |
_a152.15 _bCOM _222 |
| 245 | 0 | 0 |
_aComputational auditory scene analysis : _bprinciples, algorithms, and applications / _cedited by DeLiang Wang, The Ohio State University, Guy J. Brown, University of Sheffield. |
| 264 | 1 |
_aNew Jersey : _bJohn Wily & Sons. Inc. : _bIEEE Press, _c[2006] |
|
| 264 | 4 | _cc2006 | |
| 300 |
_axxiii, 395 pages : _billustrations ; _c25 cm |
||
| 336 |
_atext _btxt _2rdacontent |
||
| 337 |
_aunmediated _bn _2rdamedia |
||
| 338 |
_avolume _bnc _2rdacarrier |
||
| 504 | _aIncludes bibliographical references and index. | ||
| 590 | _aSuzan Ashmawy | ||
| 650 | 7 |
_aAuditory perception. _2BUEsh |
|
| 650 | 7 |
_aAuditory perception. _xComputer simulation. _2BUEsh |
|
| 650 | 7 |
_aAutomatic speech recognition. _2BUEsh |
|
| 651 | _2BUEsh | ||
| 653 |
_bCOMSCI _bENGELC _cAugust2020 |
||
| 700 | 1 |
_aWang, DeLiang, _d1963- _eeditor. |
|
| 700 | 1 |
_aBrown, Guy J., _eeditor. |
|
| 942 |
_2ddc _cBB |
||